| 000 | 01000nam a2200289 i 4500 | ||
|---|---|---|---|
| 003 | EG-GICUC | ||
| 005 | 20260121101453.0 | ||
| 008 | 251212s1946 ua ||||fr|||| 00| 0 ara d | ||
| 040 |
_a EG-GICUC _bara _c EG-GICUC _d EG-GICUC _erda |
||
| 041 | 0 | _aara | |
| 082 | 0 | 4 |
_221 _a345.4391 _bن ظ |
| 092 | 0 | 4 | _221 |
| 099 | _aLaw1 07 345.4391 ن ظ 3 ed - 1966 | ||
| 245 | 0 | 0 | _aنظام العاملين المدنيين بالدولة. |
| 250 | _aالطبعة الثالثة | ||
| 264 | 3 |
_aالقاهرة : _bالهيئة العامة لشئون المطابع الأميرة، _c1966. |
|
| 300 |
_a158 ؛صفحة _c24 سم. |
||
| 336 |
_2rda content _atext |
||
| 337 |
_2rda media _aComputer |
||
| 338 |
_2rda carrier _aOnline Resource |
||
| 546 | _aالنص باللغة العربية | ||
| 650 | 1 | 4 | _aتصحيح أوضاع العاملين |
| 650 | 1 | 4 | _aالقانون الإداري |
| 856 | 4 | 0 | _uhttps://fll.law.cu.edu.eg/fulltext/bks/B07-01424.pdf |
| 905 | _a32 | ||
| 942 |
_2ddc _cBK _e21 _n0 |
||
| 999 |
_c49905 _d49905 |
||